| 000 | 00480nam a2200157Ia 4500 | ||
|---|---|---|---|
| 003 | GCL | ||
| 008 | 140319s9999 xx 000 0 eng d | ||
| 040 |
_aGCL / _cGCL |
||
| 082 | 0 | 4 |
_a728.8092 _bM H |
| 100 | 1 | _aMEAD, CHRISTOPHER | |
| 245 | 1 | 0 |
_aHOUSES BY BARTPRICE: AN AMERICAN ARCHITECTURE FOR THE CONTINOUS PRESENT / _cMEAD, CHRISTOPHER |
| 260 |
_a[S.N] : _bTHE UNIRERSITY OF NEW MAXICO PRESS ، _c1991 |
||
| 300 | _a100 P | ||
| 650 | 0 | 4 | _aARCHITECTURE, MODERN |
| 942 |
_2ddc _cBK |
||
| 999 |
_c20588 _d20588 |
||